Statistics for European Geography by Letter - H

Click here to take the quiz!

General Stats

  • This quiz has been taken 147 times
  • The average score is 13 of 20

Answer Stats

HintAnswer% Correct
Second-largest city in Germany and namesake of a popular American foodHamburg
100%
Capital of FinlandHelsinki
100%
Country which formed a dual monarchy with Austria from 1867-1918Hungary
100%
City in the Netherlands that is functionally the capital, and hosts both the International Court of Justice and the International Criminal CourtThe Hague
95%
German city which was once the capital of a kingdom with the same name, in personal union with Great Britain from 1714-1837Hanover
91%
Royal house which ruled over the above empireHabsburg
87%
Battle that occurred in England in 1066, that resulted in the Normans conquering EnglandBattle of Hastings
83%
War between England and France that lasted from 1337-1453Hundred Years' War
81%
Archipelago to the west of the Scottish mainland with the highest percentage of Scottish Gaelic speakers in ScotlandHebrides
72%
Frankfurt is located in this German stateHesse
65%
German city with one of Europe's oldest universitiesHeidelberg
64%
Croatian name for CroatiaHrvatska
61%
Medieval trade association of merchant guilds and city states that dominated trade in the North and Baltic SeasHanseatic League
56%
Decentralized empire in Central Europe that existed for almost 1,000 years until 1806Holy Roman Empire
56%
Swedish city that is the closest point in the country to Denmark, with a name similar to the Danish city of Helsingør which lies across the straitHelsingborg
44%
Elite Polish cavalry unite famous for their role in the Battle of Vienna against the Ottoman Empirehussar
43%
One of the larger islands of Croatia and popular tourism destinationHvar
31%
German archipelago in the North Sea that formerly belonged to Denmark, than the United KingdomHeligoland
21%
Tallest mountain of UkraineHoverla
7%
Largest island in Norway outside SvalbardHinnøya
5%

Score Distribution

Percentile by Number Answered

Percent of People with Each Score

Your Score History

You have not taken this quiz